Economic geography / (Record no. 184614)
[ view plain ]
| 000 -LEADER | |
|---|---|
| fixed length control field | 00890 a2200193 4500 |
| 003 - CONTROL NUMBER IDENTIFIER | |
| control field | Nust |
| 005 - DATE AND TIME OF LATEST TRANSACTION | |
| control field | 20221222092355.0 |
| 040 ## - CATALOGING SOURCE | |
| Transcribing agency | Nust |
| 082 ## - DEWEY DECIMAL CLASSIFICATION NUMBER | |
| Classification number | 330.9,KHA |
| 100 ## - MAIN ENTRY--PERSONAL NAME | |
| Personal name | M. Fazle Karim Khan |
| 245 ## - TITLE STATEMENT | |
| Title | Economic geography / |
| Statement of responsibility, etc. | M. Fazle Karim Khan |
| 250 ## - EDITION STATEMENT | |
| Edition statement | 11th ed |
| 260 ## - PUBLICATION, DISTRIBUTION, ETC. | |
| Place of publication, distribution, etc. | Karachi |
| Name of publisher, distributor, etc. | Saleem Publlishing House |
| Date of publication, distribution, etc. | 1998 |
| 300 ## - PHYSICAL DESCRIPTION | |
| Extent | x, 286 p |
| Other physical details | illus |
| Dimensions | 19 cm |
| 505 ## - FORMATTED CONTENTS NOTE | |
| Formatted contents note | The Field Of Economic Geography (Page-1), Environment (Page-10), Population (Page-33), Fishing (Page-54), Lumbering (Page-65), Farming (Page-74), Crops (Page-99), Minerals (Page-161), Power Resources (Page-183), Manufacturing (Page-217), Iron And Steel And High Technology Industries (Page-229), Textile Industries (Page-245), Trade And Trade Centre (Page-256), Transportation (Page-272). |
| 600 ## - SUBJECT ADDED ENTRY--PERSONAL NAME | |
| Personal name | M. Fazle Karim Khan |
| 9 (RLIN) | 105596 |
| 650 ## - SUBJECT ADDED ENTRY--TOPICAL TERM | |
| Topical term or geographic name entry element | Economic geography |
| 9 (RLIN) | 81030 |
| 942 ## - ADDED ENTRY ELEMENTS (KOHA) | |
| Source of classification or shelving scheme | |
| Koha item type | Book |
| Call number prefix | 330.9,KHA |
| Withdrawn status | Lost status | Source of classification or shelving scheme | Damaged status | Not for loan | Permanent Location | Current Location | Shelving location | Date acquired | Full call number | Barcode | Date last seen | Price effective from | Koha item type | Public note |
|---|---|---|---|---|---|---|---|---|---|---|---|---|---|---|
| Military College of Signals (MCS) | Military College of Signals (MCS) | General Stacks | 12/12/2016 | 330.9,KHA | MCS34423 | 12/08/2016 | 12/12/2016 | Book | Almirah No.50 ,Shelf No.2 |
